[Event "Mitropa Cup"]
[Site "Apolda"]
[Date "2024.02.22"]
[Round "8.9"]
[White "Plenca, Jadranko"]
[Black "Moroni, Luca Jr"]
[Result "1/2-1/2"]
[WhiteElo "2429"]
[BlackElo "2601"]
[PlyCount "71"]
[EventDate "2024.02.15"]
[EventType "team-tourn"]
[EventRounds "9"]
[EventCountry "GER"]
[SourceTitle "CB09_2024"]
[SourceDate "2024.02.28"]
[SourceVersion "1"]
[SourceVersionDate "2024.02.28"]
[SourceQuality "1"]
[WhiteTeam "Croatia"]
[BlackTeam "Italy"]
[WhiteTeamCountry "CRO"]
[BlackTeamCountry "ITA"]

1. e4 c5 2. Nf3 Nc6 3. Bb5 Qc7 4. c3 a6 5. Ba4 Nf6 6. Bc2 d5 7. exd5 Nxd5 8. h3 g6 9. 0-0 Bg7 10. Bb3 Nb6 11. d4 cxd4 12. cxd4 0-0 13. Nc3 Rd8 14. Be3 Na5 15. Rc1 Nbc4 16. Bg5 h6 17. Bh4 b5 18. Re1 g5 19. Bg3 Qa7 20. Bxc4 Nxc4 21. b3 Nb6 22. Qe2 Bb7 23. Ne5 Nd5 24. Qh5 Rf8 25. Nxd5 Bxd5 26. Ng4 Kh7 27. Rc7 Qxd4 28. Rexe7 Qb6 29. Be5 Qg6 30. Qxg6+ Kxg6 31. Bxg7 Kxg7 32. Ne3 Rad8 33. Ra7 Kg6 34. Rxa6+ Be6 35. Rb7 Ra8 36. Rxa8 1/2-1/2

[Event "Mitropa Cup"]
[Site "Apolda"]
[Date "2024.02.16"]
[Round "2.17"]
[White "Sahidi, Samir"]
[Black "Plenca, Jadranko"]
[Result "1-0"]
[WhiteElo "2479"]
[BlackElo "2429"]
[PlyCount "135"]
[EventDate "2024.02.15"]
[EventType "team-tourn"]
[EventRounds "9"]
[EventCountry "GER"]
[SourceTitle "CB09_2024"]
[SourceDate "2024.02.28"]
[SourceVersion "1"]
[SourceVersionDate "2024.02.28"]
[SourceQuality "1"]
[WhiteTeam "Slovakia"]
[BlackTeam "Croatia"]
[WhiteTeamCountry "SVK"]
[BlackTeamCountry "CRO"]

1. Nf3 d5 2. g3 g6 3. Bg2 Bg7 4. d4 Nf6 5. 0-0 0-0 6. c4 dxc4 7. Na3 c5 8. Nxc4 cxd4 9. Nxd4 Nbd7 10. Nb5 a6 11. Nc3 Qc7 12. Qb3 Rb8 13. Bf4 e5 14. Bg5 h6 15. Bxf6 Nxf6 16. Ne3 e4 17. Rac1 Be6 18. Qb4 Qe5 19. b3 a5 20. Qb5 Qxb5 21. Nxb5 Rfd8 22. Nc3 b5 23. Nxe4 Nxe4 24. Bxe4 a4 25. Bc2 Rd2 26. Rfd1 Rxd1+ 27. Rxd1 b4 28. Rb1 Bd4 29. Kf1 Rc8 30. Bd1 a3 31. Ke1 Bc3+ 32. Kf1 Bd2 33. Nc4 Bxc4 34. bxc4 Rxc4 35. e3 Bc1 36. Rb3 Bb2 37. Ke2 Kf8 38. Rd3 Rc3 39. Rd8+ Ke7 40. Rb8 Rc4 41. Bb3 Rc7 42. Rxb4 h5 43. f4 Rd7 44. e4 Bc3 45. Ra4 Bb2 46. e5 Kf8 47. Ke3 Rb7 48. Ke4 Ke7 49. Bd5 Rc7 50. Ra6 Kf8 51. h3 Re7 52. Ra5 Kg8 53. Bb3 Rb7 54. Kf3 Re7 55. g4 hxg4+ 56. hxg4 g5 57. e6 fxe6 58. Rxg5+ Kh7 59. Ra5 e5 60. Bc2+ Kg7 61. f5 Rc7 62. Bd3 Rd7 63. Be4 Bc1 64. Rxe5 Kf6 65. Re6+ Kg5 66. Rg6+ Kh4 67. f6 Rd1 68. Bf5 1-0

[Event "EU-ch Blitz"]
[Site "Zagreb"]
[Date "2023.12.16"]
[Round "5"]
[White "Plenca, Jadranko"]
[Black "Lavrencic, Matic"]
[Result "1-0"]
[WhiteElo "2432"]
[BlackElo "2299"]
[PlyCount "65"]
[EventDate "2023.12.16"]
[EventType "swiss (blitz)"]
[EventRounds "13"]
[EventCountry "CRO"]
[SourceTitle "CB51_2023"]
[SourceDate "2023.12.20"]
[SourceVersion "1"]
[SourceVersionDate "2023.12.20"]
[SourceQuality "1"]

1. e4 c5 2. Nf3 d6 3. Bb5+ Nd7 4. d4 cxd4 5. Qxd4 a6 6. Be2 Ngf6 7. 0-0 e5 8. Qe3 Nc5 9. Nfd2 Be7 10. c4 0-0 11. Nc3 Ne6 12. Rd1 Nd4 13. Rb1 Ng4 14. Bxg4 Bxg4 15. f3 Be6 16. Nb3 Nxb3 17. axb3 f5 18. exf5 Bxf5 19. Ne4 Qc7 20. Bd2 Qc6 21. Re1 Bd8 22. Kh1 Bb6 23. Qe2 d5 24. cxd5 Qxd5 25. Bb4 Rfe8 26. Rbd1 Qxb3 27. Nd6 Qxb4 28. Nxf5 Qf4 29. Nd6 Rf8 30. Nc4 Rab8 31. Ra1 Bd4 32. Nxe5 Rf6 33. Nd3 1-0

[Event "EU-ch Blitz"]
[Site "Zagreb"]
[Date "2023.12.16"]
[Round "7"]
[White "Plenca, Jadranko"]
[Black "Matanovic, Luka"]
[Result "1-0"]
[WhiteElo "2432"]
[BlackElo "2194"]
[PlyCount "49"]
[EventDate "2023.12.16"]
[EventType "swiss (blitz)"]
[EventRounds "13"]
[EventCountry "CRO"]
[SourceTitle "CB51_2023"]
[SourceDate "2023.12.20"]
[SourceVersion "1"]
[SourceVersionDate "2023.12.20"]
[SourceQuality "1"]

1. e4 e5 2. Nf3 Nc6 3. Bb5 Nf6 4. d3 d6 5. 0-0 Bd7 6. c3 g6 7. Nbd2 Bg7 8. Re1 0-0 9. Nf1 Nh5 10. d4 Qe8 11. Bc4 h6 12. Ne3 Nf4 13. Nd5 Nxd5 14. exd5 Na5 15. Bd3 b6 16. dxe5 dxe5 17. Nxe5 Bxe5 18. Bxh6 f6 19. f4 Qf7 20. fxe5 Rfe8 21. e6 Bxe6 22. dxe6 Rxe6 23. b4 Rxe1+ 24. Qxe1 Nc4 25. Qe4 1-0

[Event "EU-ch Rapid"]
[Site "Zagreb"]
[Date "2023.12.15"]
[Round "11"]
[White "Safarli, Eltaj"]
[Black "Plenca, Jadranko"]
[Result "1-0"]
[WhiteElo "2609"]
[BlackElo "2432"]
[PlyCount "111"]
[EventDate "2023.12.14"]
[EventType "swiss (rapid)"]
[EventRounds "11"]
[EventCountry "CRO"]
[SourceTitle "CB51_2023"]
[SourceDate "2023.12.20"]
[SourceVersion "1"]
[SourceVersionDate "2023.12.20"]
[SourceQuality "1"]

1. e4 e5 2. Nf3 Nc6 3. Bb5 a6 4. Ba4 Nf6 5. Nc3 d6 6. Bxc6+ bxc6 7. d4 exd4 8. Nxd4 c5 9. Nc6 Qd7 10. Na5 Qg4 11. 0-0 Qxd1 12. Rxd1 Be6 13. Bf4 Nd7 14. Nd5 Bxd5 15. exd5 Be7 16. Re1 Kf8 17. c3 Bf6 18. Rac1 g5 19. Be3 Kg7 20. b4 Rhe8 21. Kf1 Ne5 22. Rc2 Ng4 23. h3 Nxe3+ 24. Rxe3 Rxe3 25. fxe3 Re8 26. Ke2 cxb4 27. cxb4 Bd4 28. Kd3 Bb6 29. Nc4 Ba7 30. e4 h5 31. Ne3 Bb6 32. Nf5+ Kf6 33. a4 a5 34. bxa5 Bxa5 35. Nd4 Bb6 36. Nc6 Kg6 37. a5 Bg1 38. Rc1 Bf2 39. a6 g4 40. a7 Bb6 41. hxg4 hxg4 42. Rf1 Ra8 43. Kc4 Re8 44. Rf4 Kg5 45. Rxf7 Kh4 46. Kb5 Kg3 47. Ka6 Kxg2 48. Kb7 Bxa7 49. Kxa7 Rxe4 50. Kb7 Kg1 51. Kxc7 g3 52. Kxd6 g2 53. Ne5 Re3 54. Nf3+ Kf2 55. Nh4+ Kg3 56. Nxg2 1-0

[Event "EU-ch Rapid"]
[Site "Zagreb"]
[Date "2023.12.14"]
[Round "5"]
[White "Gavrilescu, David"]
[Black "Plenca, Jadranko"]
[Result "1-0"]
[WhiteElo "2523"]
[BlackElo "2432"]
[PlyCount "107"]
[EventDate "2023.12.14"]
[EventType "swiss (rapid)"]
[EventRounds "11"]
[EventCountry "CRO"]
[SourceTitle "CB51_2023"]
[SourceDate "2023.12.20"]
[SourceVersion "1"]
[SourceVersionDate "2023.12.20"]
[SourceQuality "1"]

1. e4 e5 2. Nf3 Nc6 3. Bc4 Bc5 4. c3 Nf6 5. d4 exd4 6. e5 d5 7. Bb5 Ne4 8. cxd4 Bb6 9. Nc3 0-0 10. Be3 Bg4 11. h3 Bh5 12. Qc2 Bg6 13. Qb3 Ne7 14. 0-0 c6 15. Bd3 Nd2 16. Nxd2 Bxd3 17. Rfe1 Bg6 18. Na4 Nf5 19. Nxb6 axb6 20. f4 Nxe3 21. Rxe3 c5 22. Rg3 cxd4 23. Rf1 Qd7 24. Qxb6 Rxa2 25. f5 Bxf5 26. Rxg7+ Kxg7 27. Qf6+ Kg8 28. Rxf5 Rc8 29. e6 Rc1+ 30. Kf2 Qxe6 31. Rg5+ Kf8 32. Qd8+ Qe8 33. Rg8+ Kxg8 34. Qxe8+ Kg7 35. Qe5+ Kg8 36. Nf3 Rxb2+ 37. Kg3 Rcc2 38. Nh4 d3 39. Nf5 Rxg2+ 40. Kh4 h6 41. Qe8+ Kh7 42. Qxf7+ Kh8 43. Qf8+ Kh7 44. Qxh6+ Kg8 45. Qe6+ Kh7 46. Qf7+ Kh8 47. Kh5 d2 48. Qe8+ Kh7 49. Qd7+ Kh8 50. Qd8+ Kh7 51. Qd7+ Kh8 52. Kh6 Rb6+ 53. Nd6 Rg8 54. Qh7# 1-0

[Event "CRO-chT1A 31st"]
[Site "Veli Losinj"]
[Date "2023.10.16"]
[Round "6.4"]
[White "Plenca, Jadranko"]
[Black "Plenkovic, Zdenko"]
[Result "1-0"]
[WhiteElo "2434"]
[BlackElo "2333"]
[PlyCount "113"]
[EventDate "2023.10.11"]
[EventType "team-tourn"]
[EventRounds "7"]
[EventCountry "CRO"]
[SourceTitle "Mega2024 Update 01"]
[Source "Chessbase"]
[SourceDate "2023.11.12"]
[SourceVersion "1"]
[SourceVersionDate "2023.11.12"]
[SourceQuality "1"]
[WhiteTeam "Split Mornar"]
[BlackTeam "Bibinje Goran"]
[WhiteTeamCountry "CRO"]
[BlackTeamCountry "CRO"]

1. e4 c5 2. Nf3 a6 3. c3 d5 4. exd5 Qxd5 5. d4 Nf6 6. Be2 e6 7. 0-0 Nc6 8. Be3 cxd4 9. Nxd4 Nxd4 10. Qxd4 e5 11. Qh4 Be7 12. Qg3 0-0 13. Nd2 Qe6 14. Rfe1 Nd5 15. Bc4 Rd8 16. Bd4 exd4 17. Rxe6 Bxe6 18. cxd4 Rac8 19. Bb3 Bf6 20. Nf3 Nc7 21. h3 Bxb3 22. axb3 Nb5 23. Re1 h6 24. Qf4 Nxd4 25. Nxd4 Rxd4 26. Qf3 Rd7 27. Re2 Rcd8 28. g4 a5 29. Kg2 Bd4 30. Qf5 Rd5 31. Re8+ Rxe8 32. Qxd5 Bxb2 33. Qxb7 g5 34. Qb6 Kg7 35. Qxa5 Re4 36. Qd5 Rf4 37. Kg3 Bd4 38. f3 Bc3 39. Qc5 Bb4 40. Qe5+ Kh7 41. h4 f6 42. Qe6 Kg7 43. Qd7+ Kf8 44. h5 Kg8 45. Qd5+ Kg7 46. Qd3 Bf8 47. Qg6+ Kh8 48. Qf7 Bg7 49. Qe7 Kg8 50. b4 Bf8 51. Qe6+ Kg7 52. b5 Rd4 53. Kg2 Rd2+ 54. Kf1 Bb4 55. b6 Rd6 56. Qe7+ Kg8 57. Qe8+ 1-0

[Event "Split op 12th"]
[Site "Split"]
[Date "2023.08.07"]
[Round "4"]
[White "Plenca, Jadranko"]
[Black "Pehar, Borna"]
[Result "1-0"]
[WhiteElo "2435"]
[BlackElo "1933"]
[PlyCount "61"]
[EventDate "2023.08.05"]
[EventType "swiss"]
[EventRounds "9"]
[EventCountry "CRO"]
[SourceTitle "CBM 215 Extra"]
[Source "ChessBase"]
[SourceDate "2023.09.30"]
[SourceVersion "1"]
[SourceVersionDate "2023.09.30"]
[SourceQuality "1"]

1. e4 c5 2. Nf3 Nc6 3. Bb5 g6 4. 0-0 Bg7 5. Re1 Nf6 6. c3 0-0 7. h3 Qc7 8. d4 d5 9. exd5 Nxd5 10. dxc5 Rd8 11. Qa4 Bf5 12. Bg5 Ne5 13. Nxe5 Bxe5 14. Nd2 Bh2+ 15. Kh1 f6 16. Nf3 fxg5 17. Nxh2 Qxc5 18. Kg1 Rac8 19. Nf3 h6 20. Re5 Qc7 21. Rae1 e6 22. g4 Nf4 23. gxf5 Nxh3+ 24. Kf1 gxf5 25. Rxe6 Qc5 26. Nd4 Rxd4 27. cxd4 Qd5 28. Qb3 Qh1+ 29. Ke2 Ng1+ 30. Rxg1 Qh5+ 31. Kd2 1-0

[Event "CRO Cup"]
[Site "Mali Losinj"]
[Date "2023.05.12"]
[Round "4.2"]
[White "Plenca, Jadranko"]
[Black "Rogic, Davor"]
[Result "1/2-1/2"]
[WhiteElo "2399"]
[BlackElo "2441"]
[PlyCount "63"]
[EventDate "2023.05.10"]
[EventType "team-swiss"]
[EventRounds "6"]
[EventCountry "CRO"]
[SourceTitle "CBM 214 Extra"]
[Source "ChessBase"]
[SourceDate "2023.07.31"]
[SourceVersion "1"]
[SourceVersionDate "2023.07.31"]
[SourceQuality "1"]
[WhiteTeam "Split Mornar"]
[BlackTeam "Solin Cemex"]
[WhiteTeamCountry "CRO"]
[BlackTeamCountry "CRO"]

1. e4 e5 2. Nf3 Nc6 3. d4 exd4 4. Nxd4 Nf6 5. Nxc6 bxc6 6. e5 Qe7 7. Qe2 Nd5 8. h4 a5 9. g3 Ba6 10. c4 Nb6 11. b3 0-0-0 12. Ba3 d6 13. f4 c5 14. Bh3+ Kb8 15. 0-0 h6 16. Nc3 g5 17. Rad1 gxh4 18. g4 Rg8 19. Kh2 Bg7 20. Qe3 Bb7 21. Nd5 Qe8 22. Rfe1 dxe5 23. Qxc5 Qc6 24. Qxc6 Bxc6 25. Nxb6 Rxd1 26. Rxd1 cxb6 27. Bd6+ Kb7 28. fxe5 Rd8 29. Rf1 Rxd6 30. exd6 Be5+ 31. Kg1 Bd4+ 32. Kh2 1/2-1/2

[Event "Titled Tuesday intern op 28th Feb Late"]
[Site "Chess.com INT"]
[Date "2023.02.28"]
[Round "5"]
[White "Plenca, Jadranko"]
[Black "Kochiev, Ivan"]
[Result "1-0"]
[WhiteElo "2423"]
[BlackElo "2046"]
[PlyCount "59"]
[EventDate "2023.02.28"]
[EventType "swiss (blitz)"]
[EventRounds "11"]
[EventCountry "USA"]
[SourceTitle "CBM 213 Extra"]
[Source "ChessBase"]
[SourceDate "2023.05.31"]
[SourceVersion "1"]
[SourceVersionDate "2023.05.31"]
[SourceQuality "1"]

1. e4 c5 2. Nf3 d6 3. Bb5+ Nc6 4. 0-0 Bd7 5. Re1 a6 6. Bf1 Bg4 7. c3 g6 8. d3 Bg7 9. Nbd2 Nf6 10. h3 Bxf3 11. Nxf3 0-0 12. d4 cxd4 13. cxd4 Nd7 14. Be3 b5 15. Rc1 Rc8 16. a4 Qa5 17. axb5 axb5 18. Qb3 b4 19. Ra1 Qb6 20. Ra6 Qb7 21. Rea1 Ra8 22. d5 Nce5 23. Nxe5 Nxe5 24. Ra7 Rxa7 25. Rxa7 Qc8 26. Rxe7 Nd7 27. Qxb4 Nc5 28. e5 Na6 29. Qxd6 Rd8 30. Qxa6 1-0

[Event "Bayern-chI Bank Hofmann 25th"]
[Site "Tegernsee"]
[Date "2022.11.12"]
[Round "8"]
[White "Maier, Alexander"]
[Black "Plenca, Jadranko"]
[Result "0-1"]
[WhiteElo "2280"]
[BlackElo "2437"]
[PlyCount "146"]
[EventDate "2022.11.05"]
[EventType "swiss"]
[EventRounds "9"]
[EventCountry "GER"]
[SourceTitle "CBM 211 Extra"]
[Source "ChessBase"]
[SourceDate "2023.01.31"]
[SourceVersion "1"]
[SourceVersionDate "2023.01.31"]
[SourceQuality "1"]

1. e4 e5 2. Bc4 Nf6 3. d3 Bc5 4. Nc3 c6 5. Nf3 d6 6. a3 a5 7. Ba2 0-0 8. 0-0 h6 9. Qe2 Na6 10. Be3 Re8 11. Rad1 b5 12. h3 b4 13. Nb1 d5 14. axb4 Bxe3 15. Qxe3 Nxb4 16. Bb3 a4 17. c3 Nxd3 18. Rxd3 axb3 19. c4 d4 20. Qe1 Ba6 21. Nbd2 Rb8 22. Qd1 Nd7 23. Rxb3 Nc5 24. Rxb8 Qxb8 25. Qa1 Bc8 26. Qa3 Ne6 27. g3 c5 28. Rb1 f6 29. b4 cxb4 30. Qxb4 Qxb4 31. Rxb4 Bd7 32. Nb3 Bc6 33. Nfd2 Ng5 34. f3 Nxh3+ 35. Kg2 Ng5 36. Rb6 Rc8 37. Na5 Be8 38. f4 Ra8 39. Nab3 Nf7 40. Kf2 Nd8 41. Nc5 Nc6 42. Na6 Rc8 43. Nb3 Bf7 44. Nd2 h5 45. Rb5 h4 46. gxh4 exf4 47. Rc5 Be6 48. Nf3 Bg4 49. Nh2 Bd7 50. Nf3 Ra8 51. Nc7 Ra2+ 52. Kg1 d3 53. Rd5 Bh3 54. Rxd3 Rg2+ 55. Kh1 Re2 56. Nd5 Rxe4 57. c5 Bg4 58. Kg2 Ra4 59. Kf2 Kh7 60. Rd2 Rc4 61. Ne1 Ne5 62. Ng2 Ng6 63. Ngxf4 Nxf4 64. Ne3 Nh3+ 65. Kg2 Rxc5 66. Nxg4 Nf4+ 67. Kf3 Ng6 68. Rh2 f5 69. Nf2 Rc4 70. h5 Ne5+ 71. Kg2 Ng4 72. Nxg4 Rxg4+ 73. Kf3 Kh6 0-1

[Event "CRO-chT1A 30th"]
[Site "Porec"]
[Date "2022.10.01"]
[Round "8.5"]
[White "Plenca, Jadranko"]
[Black "Zelcic, Robert"]
[Result "1-0"]
[WhiteElo "2412"]
[BlackElo "2495"]
[PlyCount "89"]
[EventDate "2022.09.24"]
[EventType "team-tourn"]
[EventRounds "9"]
[EventCountry "CRO"]
[SourceTitle "CBM 210 Extra"]
[Source "ChessBase"]
[SourceDate "2022.11.30"]
[SourceVersion "1"]
[SourceVersionDate "2022.11.30"]
[SourceQuality "1"]
[WhiteTeam "Split Mornar"]
[BlackTeam "Zagreb Zagreb"]
[WhiteTeamCountry "CRO"]
[BlackTeamCountry "CRO"]

1. e4 c6 2. Nc3 d5 3. Nf3 Bg4 4. h3 Bxf3 5. Qxf3 e6 6. g3 Bc5 7. Bg2 Ne7 8. 0-0 0-0 9. Na4 Bd6 10. d4 Nd7 11. Nc3 Bc7 12. Re1 Bb6 13. exd5 cxd5 14. Bg5 Re8 15. Nb5 Nf8 16. c4 a6 17. Nc3 dxc4 18. Rad1 f6 19. Be3 Nf5 20. Qxb7 Nxe3 21. fxe3 Ra7 22. Qc6 Qb8 23. g4 Rc8 24. Qe4 Qd6 25. d5 e5 26. Qf5 Rb8 27. Ne4 Qd7 28. Qf1 Rc7 29. Kh1 Ba7 30. Re2 Ng6 31. d6 Rcb7 32. Ng3 Rb4 33. Nf5 Kh8 34. Rc2 Qb5 35. d7 Bb6 36. Rd5 Qa4 37. b3 cxb3 38. Rc8+ Bd8 39. axb3 Rxb3 40. Nh6 Rb1 41. Qxb1 Rxb1+ 42. Kh2 gxh6 43. Rxd8+ Kg7 44. Rc8 Rb2 45. d8Q 1-0

[Event "CRO Cup"]
[Site "Vodice"]
[Date "2022.05.20"]
[Round "4.3"]
[White "Stevic, Hrvoje"]
[Black "Plenca, Jadranko"]
[Result "1-0"]
[WhiteElo "2558"]
[BlackElo "2443"]
[PlyCount "93"]
[EventDate "2022.05.18"]
[EventType "team-swiss"]
[EventRounds "6"]
[EventCountry "CRO"]
[SourceTitle "CBM 208 Extra"]
[Source "ChessBase"]
[SourceDate "2022.07.31"]
[SourceVersion "1"]
[SourceVersionDate "2022.07.31"]
[SourceQuality "1"]
[WhiteTeam "Zagreb Zagreb"]
[BlackTeam "Split Mornar"]
[WhiteTeamCountry "CRO"]
[BlackTeamCountry "CRO"]

1. e4 e5 2. Nf3 Nc6 3. Nc3 Nf6 4. d4 exd4 5. Nxd4 Bb4 6. Nxc6 bxc6 7. Bd3 d5 8. Bd2 Rb8 9. 0-0 0-0 10. Re1 Ng4 11. h3 Ne5 12. exd5 Nxd3 13. cxd3 cxd5 14. Rc1 Be6 15. b3 Ba3 16. Rc2 Re8 17. Qf3 c5 18. Bf4 Rc8 19. Nb5 Qa5 20. Rxe6 Rxe6 21. Nxa3 Qxa3 22. Qxd5 Re1+ 23. Kh2 Qb4 24. Rc4 Qb6 25. b4 Rd8 26. Qxc5 h6 27. d4 Qg6 28. Qc7 Rd5 29. Qxa7 Kh7 30. Qc7 Rh5 31. Rc1 Re2 32. Be3 Rxa2 33. Qb8 Rd5 34. Qb7 Qd6+ 35. Kg1 Qe6 36. Rc5 Rd7 37. Qf3 Ra1+ 38. Kh2 Qg6 39. b5 Rd6 40. Rf5 Rd7 41. d5 Ra5 42. b6 Rb5 43. g3 f6 44. h4 Rb4 45. Bc5 Qg4 46. Bxb4 Qxb4 47. Rxf6 1-0